| 000 | 00916nam a22002771 4500 | ||
|---|---|---|---|
| 001 | 21682 | ||
| 003 | BD-RjUL | ||
| 005 | 20211209000721.0 | ||
| 008 | 140305s1920 nyu b 001 0 eng | ||
| 035 | _a(BD-RjUL)21747 | ||
| 035 | _a(OCoLC)3548233 | ||
| 040 |
_aDLC _cRPB _dOCoLC _dDLC _dBD-RjUL _beng |
||
| 041 | _aeng | ||
| 082 |
_a915 _bCOS 1920 |
||
| 100 | 1 |
_aCordier, Henri, _d1849-1925. _966964 |
|
| 245 | 1 | 0 |
_aSer Marco Polo : _bnotes and addenda to Sir Henry Yule's edition, containing the results of recent research and discovery / _cHenri Cordier ... |
| 260 |
_aNew York : _bC. Scribner's Sons, _c1920. |
||
| 300 |
_ax, 161 p. : _bill., front. ; _c24 cm. |
||
| 504 | _aIncludes index. | ||
| 651 | 0 |
_aAsia _xDescription and travel. _966965 |
|
| 700 | 1 |
_aPolo, Marco, _d1254-1323? _966966 |
|
| 700 | 1 |
_aYule, Henry, _cSir, _d1820-1889. _966967 |
|
| 942 |
_2ddc _cBK |
||
| 999 |
_c21682 _d21682 |
||